000 00736cam a22002055a 4500
001 L151773
008 101209e20101204xxk 000 0 eng d
035 _a(Sirsi) u151773
041 0 _aeng
100 1 _aAisbett, Alan
245 0 0 _aDevelopment zones
_btax increment financing
260 _c2010
490 _aEstates Gazette
_v(1048) 4 December 2010, 74-76(3)
520 _aOutlines the principles of tax increment financing (TIF) for infrastructure projects through business rate. Explains processing for setting up TIFS , financing issues and their pros and cons.
590 _aKA
651 4 _aUnited Kingdom
_y
690 _aPROPERTY-COMMERCIAL PROPERTY-COMMERCIAL PROPERTY TAXATION
700 1 _aWray, Merle
942 _n0
999 _c82851
_d82851